000 00483nam a2200169 4500
001 139600
003 ES-MaACL
005 20250805063302.0
007 t|
008 070214s1973 sp r ||||1| spa d
100 1 _aSavater, Fernando,
_d1947-
_9104053
245 1 0 _aApologĂ­a del sofista y otros sofismas /
_cFernando Savater.
260 _aMadrid :
_bTaurus,
_c1973.
300 _a187 p. ;
_c21 cm.
852 _aES-MaACL
_jC-54764
_bR.87206
999 _c139600
_d139600